| 000 | 00416cam a22001457a 4500 | ||
|---|---|---|---|
| 008 | 180718b2010 xxu||||| |||| 00| 0 eng d | ||
| 020 | _a0198066449 | ||
| 082 | _aT1x54 B146c | ||
| 100 | _aBagchi, Amiya Kumar | ||
| 245 |
_aColonialism and Indian economy _cby Amiya Kumar Bagchi |
||
| 260 |
_aNew Delhi _bOxford Univ. Press _c2010 |
||
| 300 | _a303p. | ||
| 650 | _aEconomic development -India | ||
| 650 | _aColonialism | ||
| 999 |
_c441099 _d441099 |
||